[Event "3. Winter-Open 2024"]
[Site "Nuernberg"]
[Date "2024.02.11"]
[Round "5.1"]
[White "Duong, Quang Bach"]
[Black "Hollmann, Thomas"]
[Result "1/2-1/2"]
[WhiteElo "2180"]
[BlackElo "1977"]
[PlyCount "111"]
[EventDate "2024.??.??"]
[WhiteTeam "SF Augsburg"]
[BlackTeam "SG Büchenbach/Roth e.V."]

1. e4 e6 2. d4 d5 3. Nd2 Nf6 4. e5 Nfd7 5. c3 c5 6. f4 Nc6 7. Ndf3 Qb6 8. a3 a5 9. b3 Be7 10. h4 Ndb8 11. Bd3 Na6 12. Ne2 Bd7 13. Be3 Na7 14. Bc2 Rc8 15. Kf2 Nb5 16. Bc1 Nxc3 17. Nxc3 cxd4 18. Nxd5 exd5 19. Kg3 Nc5 20. Qxd4 Ne4+ 21. Bxe4 Qxd4 22. Nxd4 dxe4 23. Bb2 Bc5 24. Rac1 Ke7 25. Kf2 Be6 26. Ke3 Bd5 27. Rc3 Rhd8 28. Rd1 Bxd4+ 29. Rxd4 Rxc3+ 30. Bxc3 Bxb3 31. Rxd8 Kxd8 32. Bxa5+ Kd7 33. Kxe4 g6 34. g3 Ke6 35. Kd4 h5 36. Kc5 Bc2 37. Kb6 Be4 38. Kc7 Bc6 39. Bb4 Be4 40. a4 Bc6 41. a5 Be4 42. Bc3 Bd5 43. Kd8 Bc6 44. Be1 Kf5 45. Kc7 Bd5 46. Kd6 Be4 47. Bd2 Bf3 48. Ke7 Bd5 49. Kd7 Be4 50. Kd6 Bf3 51. Bb4 Be4 52. Ke7 Bd5 53. Kf8 Bc4 54. Be1 Bd5 55. Kg7 Bc4 56. Kf8 1/2-1/2

[Event "3. Winter-Open 2024"]
[Site "Nuernberg"]
[Date "2024.02.11"]
[Round "5.2"]
[White "Mohylnyi, Stepan"]
[Black "Ulusoy, Tolga"]
[Result "1-0"]
[WhiteElo "2142"]
[BlackElo "1996"]
[PlyCount "66"]
[EventDate "2024.??.??"]
[WhiteTeam "SC Noris-Tarrasch Nürnberg 1873"]
[BlackTeam "SC Noris-Tarrasch Nürnberg 1873"]

1. e4 c5 2. Nf3 d6 3. Bb5+ Bd7 4. Bxd7+ Qxd7 5. d4 cxd4 6. Qxd4 Nc6 7. Qd3 g6 8. c4 Bg7 9. Nc3 Nf6 10. O-O O-O 11. Rb1 Ng4 12. b3 Nb4 13. Qd2 Bxc3 14. Qxc3 Nxa2 15. Qd4 Nxc1 16. Rbxc1 Qc6 17. Rfd1 a6 18. b4 b6 19. h3 Nf6 20. e5 dxe5 21. Nxe5 Qc7 22. Nd7 Nxd7 23. Qxd7 Ra7 24. Qd4 a5 25. c5 b5 26. bxa5 Rxa5 27. Qb4 Rfa8 28. c6 e6 29. Rd7 Qc8 30. Qd4 e5 31. Qd5 Qe8 32. c7 Kg7 33. Rd8 Qe7 1-0

[Event "3. Winter-Open 2024"]
[Site "Nuernberg"]
[Date "2024.02.11"]
[Round "5.3"]
[White "Ratushnyi, Viktor"]
[Black "Merkel, Luis"]
[Result "0-1"]
[WhiteElo "2004"]
[BlackElo "2129"]
[PlyCount "56"]
[EventDate "2024.??.??"]
[WhiteTeam "SC Schwarz-Weiß Nürnberg Süd e.V"]
[BlackTeam "SG Büchenbach/Roth e.V."]

1. e4 c5 2. Nf3 d6 3. d4 cxd4 4. Nxd4 Nf6 5. Nc3 a6 6. h3 e5 7. Nde2 h5 8. Bg5 Be6 9. Bxf6 Qxf6 10. Nd5 Qd8 11. Qd3 Nd7 12. O-O-O g6 13. Kb1 Nc5 14. Qf3 Bg7 15. Nec3 b5 16. Ne3 O-O 17. g4 h4 18. g5 Qxg5 19. Rxd6 Rfd8 20. Rxd8+ Rxd8 21. Bg2 Rd4 22. Ncd5 Nxe4 23. Rd1 Bxd5 24. Qe2 Bb7 25. c3 Rxd1+ 26. Qxd1 Nxc3+ 27. bxc3 Bxg2 28. Qg1 Be4+ 0-1

[Event "3. Winter-Open 2024"]
[Site "Nuernberg"]
[Date "2024.02.11"]
[Round "5.4"]
[White "Vogiatzis, Dimitrios"]
[Black "Deschler, Arne"]
[Result "1-0"]
[WhiteElo "1897"]
[BlackElo "2058"]
[PlyCount "51"]
[EventDate "2024.??.??"]
[WhiteTeam "SC Noris-Tarrasch Nürnberg 1873"]
[BlackTeam "SC Noris-Tarrasch Nürnberg 1873"]

1. e4 c6 2. d4 d5 3. Nc3 dxe4 4. Nxe4 Bf5 5. Ng3 Bg6 6. h4 h6 7. h5 Bh7 8. Nf3 Nd7 9. Bd3 Bxd3 10. Qxd3 e6 11. Bd2 Ngf6 12. O-O-O Qc7 13. Ne4 O-O-O 14. g3 Nxe4 15. Qxe4 Nf6 16. Qe2 Rd5 17. c4 Rxh5 18. Rhe1 c5 19. Bc3 cxd4 20. Nxd4 Rc5 21. Nb5 Qb6 22. Kb1 a6 23. b4 Rxb5 24. cxb5 Qxb5 25. Qc2 Qc4 26. Rd8+ 1-0

[Event "3. Winter-Open 2024"]
[Site "Nuernberg"]
[Date "2024.02.11"]
[Round "5.5"]
[White "Hotman, Cagan Arhan"]
[Black "Meulner, Klaus"]
[Result "1/2-1/2"]
[WhiteElo "1855"]
[BlackElo "2017"]
[PlyCount "101"]
[EventDate "2024.??.??"]
[WhiteTeam "SK Ingolstadt"]
[BlackTeam "SC Schwarz-Weiß Nürnberg Süd e.V"]

1. e4 d5 2. exd5 Qxd5 3. Nc3 Qa5 4. d4 Nf6 5. Nf3 Bf5 6. Bd2 e6 7. Bc4 Bb4 8. a3 Bxc3 9. Bxc3 Qb6 10. O-O Nc6 11. a4 a5 12. Qe2 O-O 13. Rad1 Rad8 14. b3 Nd5 15. Bb2 Qb4 16. Nh4 Nc3 17. Bxc3 Qxc3 18. Nxf5 exf5 19. Rd3 Qb2 20. Rfd1 Rfe8 21. Re3 Rxe3 22. fxe3 Nb4 23. Rd2 Re8 24. h3 Qc3 25. Bd3 f4 26. e4 Qxd4+ 27. Kh1 Qe5 28. Bc4 h6 29. Qf3 Nc6 30. Qf2 Rd8 31. Rxd8+ Nxd8 32. Qd2 Ne6 33. Qd3 Nc5 34. Qd8+ Kh7 35. Bxf7 h5 36. Qg8+ Kh6 37. Qh8+ Kg5 38. Qxh5+ Kf6 39. Qg6+ Ke7 40. Bd5 Qf6 41. Qh5 g6 42. Qh7+ Kd6 43. Bf7 f3 44. gxf3 Qxf3+ 45. Kg1 Qd1+ 46. Kg2 Qe2+ 47. Kg1 Qe3+ 48. Kh2 Qf2+ 49. Kh1 Qf1+ 50. Kh2 Qf2+ 51. Kh1 1/2-1/2

[Event "3. Winter-Open 2024"]
[Site "Nuernberg"]
[Date "2024.02.11"]
[Round "5.6"]
[White "Kroneder, Christian"]
[Black "Vennemann, Jürgen"]
[Result "1-0"]
[WhiteElo "1984"]
[BlackElo "1843"]
[PlyCount "81"]
[EventDate "2024.??.??"]
[WhiteTeam "SK Schwanstetten 79 e.V."]
[BlackTeam "SC Hersbruck"]

1. d4 d6 2. Bf4 g6 3. Nf3 Bg7 4. e3 Nd7 5. h3 e5 6. Bh2 Ne7 7. Bc4 O-O 8. O-O c5 9. Nc3 Qb6 10. Qd2 cxd4 11. exd4 exd4 12. Nb5 Ne5 13. Qe2 Nxc4 14. Qxc4 Be6 15. Qa4 Bd7 16. Rfe1 Bxb5 17. Qa3 Nf5 18. g4 Bc6 19. gxf5 Qb5 20. f6 Bxf6 21. Qxd6 Qf5 22. Nd2 Bg5 23. Re5 Qxc2 24. Rxg5 Qxd2 25. Qf6 Rae8 26. Be5 Rxe5 27. Rxe5 Bd7 28. h4 Bf5 29. Rae1 Qf4 30. R5e4 Qxe4 31. Rxe4 Bxe4 32. Qxd4 Re8 33. Qxa7 Re6 34. a4 Bc6 35. b4 Re1+ 36. Kh2 Rb1 37. b5 Bxb5 38. Qb8+ Kg7 39. Qe5+ f6 40. Qe7+ Kg8 41. axb5 1-0

[Event "3. Winter-Open 2024"]
[Site "Nuernberg"]
[Date "2024.02.11"]
[Round "5.7"]
[White "Meulner, Fabian"]
[Black "Bruss, Robert"]
[Result "1-0"]
[WhiteElo "2060"]
[BlackElo "1895"]
[PlyCount "47"]
[EventDate "2024.??.??"]
[WhiteTeam "SC JÄKLECHEMIE Talente Franken e"]
[BlackTeam "SV Altensittenbach"]

1. d4 Nf6 2. Nf3 e6 3. Bg5 c5 4. e3 b6 5. d5 exd5 6. Nc3 Be7 7. Nxd5 Bb7 8. Bxf6 Bxf6 9. c3 O-O 10. Bc4 Nc6 11. Nxf6+ Qxf6 12. Qxd7 Na5 13. Be2 Qg6 14. Rd1 Bc8 15. Qd6 Qxg2 16. Rg1 Qh3 17. Ng5 Qh4 18. Bd3 Bg4 19. Qf4 h5 20. Bf5 f6 21. Nf3 Qh3 22. Rg3 g5 23. Qd6 Qxg3 24. Qd5+ 1-0

[Event "3. Winter-Open 2024"]
[Site "Nuernberg"]
[Date "2024.02.11"]
[Round "5.8"]
[White "Reich, Elisabeth"]
[Black "Liemann, Michael"]
[Result "1/2-1/2"]
[WhiteElo "1747"]
[BlackElo "1949"]
[PlyCount "60"]
[EventDate "2024.??.??"]
[WhiteTeam "ATSV Oberkotzau"]
[BlackTeam "SC Forchheim e.V."]

1. Nf3 d5 2. d3 Nf6 3. g3 e6 4. Bg2 Bd6 5. Nbd2 O-O 6. O-O Re8 7. e4 dxe4 8. dxe4 e5 9. Re1 Bc5 10. h3 Nc6 11. c3 a5 12. Nh4 Qd3 13. Nf1 Qxd1 14. Rxd1 Be6 15. Be3 Bf8 16. Nf5 g6 17. Nh6+ Kg7 18. Nh2 Red8 19. Re1 a4 20. Bg5 Be7 21. Bf1 Ng8 22. Bxe7 Ngxe7 23. N6g4 Rd2 24. Reb1 f6 25. Nf3 Rd6 26. Ne3 Na5 27. c4 c6 28. b4 axb3 29. axb3 c5 30. b4 cxb4 1/2-1/2

[Event "3. Winter-Open 2024"]
[Site "Nuernberg"]
[Date "2024.02.11"]
[Round "5.9"]
[White "Klampfer, Matjaz"]
[Black "Antipka, Gherman"]
[Result "1-0"]
[WhiteElo "1916"]
[BlackElo "1450"]
[PlyCount "105"]
[EventDate "2024.??.??"]
[WhiteTeam "SG Büchenbach/Roth e.V."]
[BlackTeam "SC JÄKLECHEMIE Talente Franken e"]

1. Nf3 d5 2. g3 Nf6 3. Bg2 Nc6 4. O-O e5 5. d3 Be6 6. Nbd2 Bc5 7. e4 dxe4 8. dxe4 O-O 9. Qe2 Qe7 10. c3 a5 11. Nc4 Bg4 12. h3 Bh5 13. a4 Rfd8 14. Ne3 Bg6 15. Nd2 Qe6 16. Kh2 h6 17. g4 Bxe3 18. Qxe3 Rd7 19. Rg1 Rad8 20. Bf1 Kh7 21. Bc4 Qe7 22. f3 Rd6 23. Nb3 Nd7 24. Qf2 f6 25. Be3 b6 26. Rad1 Nf8 27. Rxd6 Rxd6 28. Nd2 Bf7 29. Be2 Ng6 30. Nc4 Rd8 31. Qg3 Nf8 32. h4 Ne6 33. Bc1 Rg8 34. Ne3 Qc5 35. Nf5 Ne7 36. g5 Kh8 37. Nxe7 Qxe7 38. g6 Be8 39. Bc4 Bd7 40. Be3 Nf4 41. Bxf4 exf4 42. Qxf4 Rc8 43. b3 c5 44. Rd1 f5 45. Kg3 Be8 46. Qd6 Qxd6+ 47. Rxd6 fxe4 48. fxe4 h5 49. Rxb6 Bd7 50. e5 Rf8 51. e6 Be8 52. e7 Rf5 53. Bf7 1-0

[Event "3. Winter-Open 2024"]
[Site "Nuernberg"]
[Date "2024.02.11"]
[Round "5.10"]
[White "Funk, Benno"]
[Black "Ratushnyi, Artur"]
[Result "1/2-1/2"]
[WhiteElo "1912"]
[BlackElo "1318"]
[PlyCount "44"]
[EventDate "2024.??.??"]
[WhiteTeam "SGem 1882 Fürth"]
[BlackTeam "SC Schwarz-Weiß Nürnberg Süd e.V"]

1. e4 e5 2. Nf3 Nc6 3. Bc4 Bc5 4. c3 Nf6 5. d4 exd4 6. O-O O-O 7. cxd4 Bb6 8. d5 Ne7 9. e5 Ng4 10. d6 Ng6 11. Qd5 Qe8 12. b3 N4xe5 13. Bb2 Nxc4 14. Qxc4 cxd6 15. Re1 Qd8 16. Na3 a6 17. h4 d5 18. Qc3 d4 19. Nxd4 Qxh4 20. Rad1 d5 21. g3 Qf6 22. Qd2 Ne5 1/2-1/2

[Event "3. Winter-Open 2024"]
[Site "Nuernberg"]
[Date "2024.02.11"]
[Round "5.12"]
[White "Schlötterer, Hermann"]
[Black "Biesler, Tobias"]
[Result "1-0"]
[WhiteElo "1788"]
[BlackElo "1200"]
[PlyCount "53"]
[EventDate "2024.??.??"]
[WhiteTeam "Spvg Zabo-Eintracht Nürnberg e.V"]
[BlackTeam "SC Sulzbach-Rosenberg"]

1. d4 f5 2. g3 Nf6 3. Bg2 e6 4. c4 Bb4+ 5. Bd2 Qe7 6. Nh3 Ne4 7. a3 Bxd2+ 8. Nxd2 d5 9. e3 O-O 10. O-O b6 11. Nf4 Ba6 12. Rc1 Nd7 13. Re1 Ndf6 14. cxd5 exd5 15. Nf3 g5 16. Nd3 Ng4 17. Nfe5 Bxd3 18. Nxd3 Rf6 19. f3 Nxh2 20. fxe4 Rh6 21. exf5 Qd6 22. Ne5 g4 23. Rc6 Qf8 24. Bxd5+ Kh8 25. Rxh6 Nf3+ 26. Bxf3 Qxf5 27. Bxa8 1-0

[Event "3. Winter-Open 2024"]
[Site "Nuernberg"]
[Date "2024.02.11"]
[Round "5.13"]
[White "Nagl, Simon"]
[Black "Killmann, Reinmar"]
[Result "0-1"]
[WhiteElo "1604"]
[BlackElo "1749"]
[PlyCount "64"]
[EventDate "2024.??.??"]
[WhiteTeam "SG Büchenbach/Roth e.V."]
[BlackTeam "SC JÄKLECHEMIE Talente Franken e"]

1. e4 d5 2. exd5 Qxd5 3. Nc3 Qd8 4. d4 Nf6 5. Nf3 Bg4 6. h3 Bxf3 7. Qxf3 c6 8. Be3 e6 9. Bd3 Nbd7 10. O-O-O Bb4 11. Ne4 Nxe4 12. Bxe4 Nf6 13. Bd3 Qd5 14. Qxd5 cxd5 15. g4 Bd6 16. f4 O-O 17. Rdg1 Kh8 18. h4 h5 19. gxh5 Nxh5 20. f5 exf5 21. Rg5 g6 22. Be2 Ng3 23. Bf3 Nxh1 24. Bxh1 Be7 25. Rg3 Rad8 26. Bh6 Rg8 27. Rc3 Rd7 28. Bg5 Bxg5+ 29. hxg5 b6 30. Rc6 Kg7 31. Rc3 Rh8 32. Bg2 Rh4 0-1

[Event "3. Winter-Open 2024"]
[Site "Nuernberg"]
[Date "2024.02.11"]
[Round "5.14"]
[White "Heron, Steve"]
[Black "Junge, Fabian"]
[Result "1/2-1/2"]
[WhiteElo "1551"]
[BlackElo "1703"]
[PlyCount "96"]
[EventDate "2024.??.??"]
[BlackTeam "SV Würzburg von 1865 e.V."]

1. e4 e5 2. Nf3 Nf6 3. Nc3 Nc6 4. d4 exd4 5. Nxd4 Bb4 6. Nxc6 bxc6 7. Bd3 d5 8. exd5 cxd5 9. O-O O-O 10. Bg5 c6 11. Qf3 Be6 12. a3 Be7 13. Bxf6 Bxf6 14. Qh5 g6 15. Qf3 Bg7 16. Qg3 Qb8 17. Rab1 Qxg3 18. hxg3 c5 19. Rfd1 Rab8 20. Be2 Bf5 21. Bd3 Bxd3 22. Rxd3 c4 23. Rdd1 d4 24. Nd5 Rfe8 25. b3 cxb3 26. Rxb3 Rxb3 27. cxb3 Re5 28. Nb4 Rc5 29. a4 Rc3 30. Rd3 a5 31. Rxc3 dxc3 32. Nc2 Kf8 33. Kf1 Ke7 34. Ke2 Kd6 35. Kd3 Kc5 36. g4 f5 37. gxf5 gxf5 38. Ke3 Bh6+ 39. Kd3 Bg7 40. Ke3 Be5 41. f3 h5 42. Kd3 h4 43. Ke3 Kd5 44. Kd3 Bf6 45. f4 Kc5 46. Ke3 Bg7 47. Kd3 Bf6 48. Ke3 Bg7 1/2-1/2

[Event "3. Winter-Open 2024"]
[Site "Nuernberg"]
[Date "2024.02.11"]
[Round "5.15"]
[White "Nesmjanowitsch, Julia"]
[Black "Huber, Andreas"]
[Result "1-0"]
[WhiteElo "1666"]
[BlackElo "1553"]
[PlyCount "53"]
[EventDate "2024.??.??"]
[WhiteTeam "SC JÄKLECHEMIE Talente Franken e"]
[BlackTeam "SK Töging"]

1. e4 e5 2. Nf3 Nc6 3. Bc4 Bc5 4. Nc3 Nf6 5. d3 d6 6. Bg5 h6 7. Bh4 g5 8. Bg3 Na5 9. Bb3 Nxb3 10. axb3 a6 11. d4 exd4 12. Nxd4 O-O 13. h4 Kg7 14. Qd2 Nh7 15. hxg5 hxg5 16. f4 Qf6 17. Nf3 g4 18. Bh4 Qe6 19. Ng5 Nxg5 20. Bxg5 Rh8 21. Rxh8 Kxh8 22. O-O-O f6 23. Rh1+ Kg7 24. f5 Qe5 25. Nd5 Kf7 26. Nxf6 b5 27. Rh7+ 1-0

[Event "3. Winter-Open 2024"]
[Site "Nuernberg"]
[Date "2024.02.11"]
[Round "5.16"]
[White "Heemann, Jonas"]
[Black "Hahn, Thomas"]
[Result "0-1"]
[WhiteElo "1370"]
[BlackElo "1642"]
[PlyCount "136"]
[EventDate "2024.??.??"]
[WhiteTeam "SK Nürnberg 1911 e.V."]
[BlackTeam "Spvg Zabo-Eintracht Nürnberg e.V"]

1. e4 c5 2. Nf3 d6 3. d4 cxd4 4. Nxd4 Nf6 5. Nc3 g6 6. Be3 Bg7 7. Qd2 Ng4 8. h4 Nxe3 9. Qxe3 Qb6 10. O-O-O Nc6 11. Bb5 Bd7 12. Bxc6 bxc6 13. Rhe1 Rb8 14. Nb3 Qxe3+ 15. Rxe3 Bh6 16. f4 Bxf4 17. Rde1 Bxe3+ 18. Rxe3 O-O 19. Nd4 c5 20. Nf3 Bc6 21. g4 e6 22. h5 f5 23. gxf5 exf5 24. hxg6 hxg6 25. Nh4 f4 26. Rd3 g5 27. Nf5 Bxe4 28. Ne7+ Kf7 29. Nxe4 Kxe7 30. Nxg5 Rbd8 31. Kd1 d5 32. Ra3 Rd7 33. Ke1 Rg8 34. Nh3 Rg3 35. Nxf4 Rxa3 36. bxa3 Kd6 37. Kd2 Rg7 38. Kc3 Rg3+ 39. Kb2 d4 40. Ne2 Re3 41. Nc1 c4 42. a4 Re1 43. a3 Rxc1 44. Kxc1 c3 45. Kb1 Kc5 46. Kc1 Kc4 47. Kd1 a6 48. Ke2 a5 49. Kd1 d3 50. Kc1 dxc2 51. Kxc2 Kd4 52. Kc1 Kc5 53. Kd1 Kd5 54. Kc2 Kc4 55. Kc1 Kb3 56. Kb1 Kxa3 57. Kc2 Kb4 58. Kb1 Kxa4 59. Ka2 Kb4 60. Ka1 Kc4 61. Kb1 Kd3 62. Kc1 c2 63. Kb2 Kd2 64. Ka2 c1=Q 65. Kb3 Qc3+ 66. Ka2 Qb4 67. Ka1 Kc2 68. Ka2 Qb2# 0-1

[Event "3. Winter-Open 2024"]
[Site "Nuernberg"]
[Date "2024.02.11"]
[Round "5.17"]
[White "Blumenthal Tuset, Sebastian"]
[Black "Frenz, Joachim"]
[Result "1-0"]
[WhiteElo "1640"]
[BlackElo "1505"]
[PlyCount "131"]
[EventDate "2024.??.??"]
[WhiteTeam "SC Noris-Tarrasch Nürnberg 1873"]
[BlackTeam "SC Stein 1998 e.V."]

1. e4 d5 2. exd5 Nf6 3. c4 c6 4. dxc6 Nxc6 5. Nf3 Bg4 6. Be2 Bxf3 7. Bxf3 Rc8 8. O-O e6 9. Nc3 Be7 10. b3 O-O 11. Bb2 Qd3 12. Be2 Qg6 13. Re1 Rfd8 14. Bf1 Rd7 15. d3 Rcd8 16. a3 Nd4 17. Kh1 Ng4 18. Kg1 Qf5 19. Ne4 Qg6 20. f3 Ne5 21. Kh1 Nec6 22. b4 Nf5 23. c5 Qh6 24. Qc1 Qg6 25. Qf4 h5 26. Rad1 Ncd4 27. Qd2 h4 28. h3 Rc7 29. Qf4 Rcd7 30. Qd2 Rd5 31. f4 R8d7 32. Nc3 Ng3+ 33. Kh2 Nxf1+ 34. Rxf1 Qg3+ 35. Kh1 Rf5 36. Ne4 Qg6 37. Qf2 Nc6 38. Qe3 Rfd5 39. Rd2 a6 40. Rfd1 Nd4 41. Nc3 Rh5 42. Na4 Bf6 43. Nb6 Rd8 44. Qe4 Qg3 45. Nc4 Rf5 46. Rf1 e5 47. Bxd4 Rxf4 48. Rxf4 Rxd4 49. Rf3 Rxe4 50. Rxg3 Re1+ 51. Kh2 hxg3+ 52. Kxg3 Rc1 53. Kf3 Rf1+ 54. Rf2 Rd1 55. Ke4 Re1+ 56. Kd5 Rd1 57. Rd2 Rc1 58. Nxe5 Ra1 59. d4 Rxa3 60. Nd7 Bg5 61. Re2 Be3 62. Ne5 f6 63. Nc4 Bc1 64. Nxa3 Bxa3 65. Re8+ Kf7 66. Rb8 1-0

[Event "3. Winter-Open 2024"]
[Site "Nuernberg"]
[Date "2024.02.11"]
[Round "5.18"]
[White "Blumenthal, Benjamin"]
[Black "Dreiseitel, Werner"]
[Result "1-0"]
[WhiteElo "1637"]
[BlackElo "1466"]
[PlyCount "119"]
[EventDate "2024.??.??"]
[WhiteTeam "SC Noris-Tarrasch Nürnberg 1873"]
[BlackTeam "SC Schwarz-Weiß Nürnberg Süd e.V"]

1. c4 e6 2. e3 d5 3. Nf3 Nf6 4. Nc3 c6 5. d4 Nbd7 6. a3 Bd6 7. Bd3 O-O 8. O-O Re8 9. b4 dxc4 10. Bxc4 e5 11. Qb3 Re7 12. Ng5 Qe8 13. d5 cxd5 14. Bxd5 Nb6 15. e4 h6 16. Nf3 Rb8 17. Be3 Nbxd5 18. Nxd5 Nxd5 19. Qxd5 Bc7 20. Bxa7 Ra8 21. Be3 Rd7 22. Qb3 Ra6 23. Rfd1 Rad6 24. Rxd6 Rxd6 25. Bc5 Be6 26. Qc3 Rd7 27. Nxe5 Bxe5 28. Qxe5 Qd8 29. h3 b5 30. Be3 Bc4 31. Qc5 Rd3 32. Qe5 Qd7 33. Bc5 Be6 34. Qf4 Bc4 35. e5 Qd5 36. Bd6 Rd2 37. Re1 Rd3 38. Re3 Rd4 39. Qg3 Qe6 40. Rf3 Rd2 41. Rf6 Qd5 42. e6 fxe6 43. Rf8+ Kh7 44. Rf7 Qg5 45. Qxg5 hxg5 46. Be5 Kg6 47. Rxg7+ Kf5 48. Bb8 Rd3 49. Ra7 e5 50. a4 bxa4 51. Rxa4 e4 52. Ra5+ Bd5 53. b5 e3 54. fxe3 Rxe3 55. b6 Ke6 56. Bc7 Re2 57. Kf1 Rxg2 58. Rxd5 Rb2 59. Rxg5 Kd7 60. h4 1-0

[Event "3. Winter-Open 2024"]
[Site "Nuernberg"]
[Date "2024.02.11"]
[Round "5.19"]
[White "Assem Gawdat Azmy, Mostafa"]
[Black "Denninger, David"]
[Result "0-1"]
[WhiteElo "1200"]
[BlackElo "1621"]
[PlyCount "120"]
[EventDate "2024.??.??"]
[WhiteTeam "SC Erlangen 48/88"]
[BlackTeam "SC JÄKLECHEMIE Talente Franken e"]

1. e4 c5 2. Nf3 d6 3. d4 cxd4 4. Nxd4 Nf6 5. Nc3 g6 6. Bc4 Bg7 7. O-O O-O 8. f3 Nbd7 9. a4 Qa5 10. Bb3 Nc5 11. Be3 Nxb3 12. Nxb3 Qd8 13. a5 Be6 14. Nb5 Bc4 15. Nxa7 Bxf1 16. Qxf1 Nd7 17. c3 Qc7 18. Qb5 Ne5 19. Bb6 Qc4 20. Nd4 Qxb5 21. Ndxb5 Nc4 22. Ra2 Nxb6 23. axb6 e6 24. Nxd6 Rfd8 25. Ndb5 Bf8 26. Nc7 Bc5+ 27. Kf1 Bxb6 28. Ncb5 Rxa7 29. Rxa7 Bxa7 30. Nxa7 Rd1+ 31. Kf2 Rd2+ 32. Kg3 Rxb2 33. Nc8 Kf8 34. c4 Ke8 35. e5 Kd7 36. Nd6 f6 37. f4 h5 38. Kf3 b6 39. h4 f5 40. g3 Rb3+ 41. Kf2 Kc6 42. Nf7 Rc3 43. Nh8 Rxc4 44. Nxg6 b5 45. Nf8 Kd5 46. Nd7 b4 47. Nb6+ Kd4 48. Nxc4 Kxc4 49. g4 b3 50. gxf5 b2 51. fxe6 b1=Q 52. e7 Qb6+ 53. Kf3 Qb7+ 54. Ke3 Qxe7 55. Ke4 Qxh4 56. e6 Qf6 57. f5 h4 58. Kf4 h3 59. Kg3 Qxf5 60. e7 Qg5+ 0-1

[Event "3. Winter-Open 2024"]
[Site "Nuernberg"]
[Date "2024.02.11"]
[Round "5.20"]
[White "Waschner, Richard"]
[Black "Müller, Tim"]
[Result "1-0"]
[WhiteElo "1673"]
[BlackElo "1200"]
[PlyCount "39"]
[EventDate "2024.??.??"]
[WhiteTeam "Spvg Zabo-Eintracht Nürnberg e.V"]
[BlackTeam "SC Noris-Tarrasch Nürnberg 1873"]

1. d4 Nf6 2. Nc3 g6 3. e4 d6 4. Be3 Bg7 5. f3 Nbd7 6. Qd2 h6 7. O-O-O e5 8. dxe5 Nxe5 9. f4 Neg4 10. e5 Nxe3 11. exf6 Nxd1 12. fxg7 Rg8 13. Qxd1 Be6 14. Qd4 f5 15. Nf3 Kf7 16. Bc4 Bxc4 17. Qxc4+ Kxg7 18. Re1 Rc8 19. Qd4+ Kh7 20. Nd5 1-0

[Event "3. Winter-Open 2024"]
[Site "Nuernberg"]
[Date "2024.02.11"]
[Round "5.21"]
[White "Koellner, Ulrich"]
[Black "Miller, Renold"]
[Result "1-0"]
[WhiteElo "1661"]
[BlackElo "1468"]
[PlyCount "93"]
[EventDate "2024.??.??"]
[WhiteTeam "SV 1920 Hofheim"]
[BlackTeam "SC Rastatt"]

1. d4 d5 2. c4 c6 3. Nf3 Nf6 4. Nc3 e6 5. Bg5 Nbd7 6. e3 Be7 7. Bd3 dxc4 8. Bxc4 b5 9. Bd3 b4 10. Na4 c5 11. Nxc5 Bxc5 12. dxc5 Nxc5 13. Bb5+ Bd7 14. Bxd7+ Ncxd7 15. Qa4 h6 16. Bxf6 Qxf6 17. Qxb4 Rb8 18. Qa4 Qxb2 19. O-O Rb7 20. Qe4 Qb4 21. Nd4 Rc7 22. Rab1 Qc5 23. Rb5 Qc4 24. Qa8+ Rc8 25. Qxa7 e5 26. Nf5 Qc6 27. Rxe5+ Kf8 28. Qa3+ Nc5 29. Rxc5 Qxc5 30. Rc1 Kg8 31. Rxc5 Rxc5 32. Qxc5 Kh7 33. a4 Rb8 34. g3 Rb1+ 35. Kg2 Ra1 36. a5 Ra4 37. Nd4 g6 38. Qb5 Ra1 39. a6 h5 40. Qb7 Kg7 41. a7 Kf6 42. a8=Q Rxa8 43. Qxa8 Kg7 44. Qd8 Kh6 45. Qh8+ Kg5 46. h4+ Kg4 47. f3# 1-0

[Event "3. Winter-Open 2024"]
[Site "Nuernberg"]
[Date "2024.02.11"]
[Round "5.22"]
[White "Kessler, Georg"]
[Black "Mankus, Siegfried"]
[Result "1-0"]
[WhiteElo "1658"]
[BlackElo "1448"]
[PlyCount "57"]
[EventDate "2024.??.??"]
[WhiteTeam "SC Sulzbach-Rosenberg"]
[BlackTeam "Spvg Zabo-Eintracht Nürnberg e.V"]

1. Nf3 d5 2. c4 c6 3. d4 e6 4. Nc3 f5 5. Bg5 Nf6 6. e3 h6 7. Bxf6 Qxf6 8. cxd5 exd5 9. Qc2 Bd6 10. Nxd5 Qd8 11. Nc3 O-O 12. Bc4+ Kh8 13. O-O b6 14. Ne5 Qf6 15. f4 a5 16. Be2 Ra7 17. Bf3 c5 18. Nd5 Qe6 19. Nxb6 cxd4 20. Bd5 Qe8 21. Nxc8 Qxc8 22. Ng6+ Kh7 23. Nxf8+ Qxf8 24. exd4 Rc7 25. Qd3 Qc8 26. Rae1 Rc2 27. Be6 Qc6 28. Bxf5+ Kg8 29. Qxc2 1-0

[Event "3. Winter-Open 2024"]
[Site "Nuernberg"]
[Date "2024.02.11"]
[Round "5.23"]
[White "Frysztacki, Marco"]
[Black "Marczok, Robert"]
[Result "0-1"]
[WhiteElo "1527"]
[BlackElo "1651"]
[PlyCount "76"]
[EventDate "2024.??.??"]
[WhiteTeam "SV Lauf a.d.P."]
[BlackTeam "SC JÄKLECHEMIE Talente Franken e"]

1. e4 e6 2. d4 d5 3. Nc3 Bb4 4. e5 Ne7 5. a3 Bxc3+ 6. bxc3 O-O 7. Nf3 c5 8. Bd3 Ng6 9. O-O c4 10. Be2 Nc6 11. a4 Bd7 12. Ba3 Re8 13. Qd2 a6 14. Rfb1 Na5 15. Bb4 Nc6 16. Ba3 Rb8 17. Bd6 Ra8 18. Rxb7 Nge7 19. Rab1 Nf5 20. Bc5 Qc8 21. Qc1 Nd8 22. R7b4 a5 23. Rb6 Bxa4 24. Qb2 Bd7 25. Nd2 Nc6 26. Qa3 a4 27. Bg4 Nfe7 28. Bd6 Qd8 29. Rb7 Nc8 30. Bc5 Na5 31. Bb6 Nxb6 32. R7xb6 Qg5 33. Qd6 Rad8 34. Qc5 Nc6 35. Rxc6 Bxc6 36. Qxc6 Qxd2 37. Qxa4 Qxc3 38. h3 Qxd4 0-1

[Event "3. Winter-Open 2024"]
[Site "Nuernberg"]
[Date "2024.02.11"]
[Round "5.24"]
[White "Ratushna, Olha"]
[Black "Kiehne, Pascal"]
[Result "0-1"]
[WhiteElo "1477"]
[BlackElo "1541"]
[PlyCount "52"]
[EventDate "2024.??.??"]
[WhiteTeam "SC Schwarz-Weiß Nürnberg Süd e.V"]
[BlackTeam "SG Büchenbach/Roth e.V."]

1. e4 c5 2. c4 d6 3. Nf3 Nc6 4. Nc3 e6 5. Be2 g6 6. d3 Bg7 7. Bg5 Nge7 8. Be3 Nd4 9. O-O O-O 10. Bxd4 cxd4 11. Nb5 Nc6 12. Qb3 a6 13. Qa3 axb5 14. Qxa8 bxc4 15. dxc4 Qb6 16. Qa3 Bd7 17. Qxd6 Qxb2 18. Qxd7 Qxe2 19. Qxb7 Nd8 20. Qb6 Qxc4 21. a4 d3 22. Ra3 Qxe4 23. a5 Nc6 24. Rc1 Nd4 25. Nxd4 Bxd4 26. Qc6 d2 0-1

[Event "3. Winter-Open 2024"]
[Site "Nuernberg"]
[Date "2024.02.11"]
[Round "5.25"]
[White "Spear, Jonas"]
[Black "Kaza, Charith"]
[Result "0-1"]
[WhiteElo "1200"]
[BlackElo "1393"]
[PlyCount "114"]
[EventDate "2024.??.??"]
[WhiteTeam "SC JÄKLECHEMIE Talente Franken e"]
[BlackTeam "SC Noris-Tarrasch Nürnberg 1873"]

1. e4 e5 2. Nf3 Nc6 3. Bc4 Bc5 4. d3 h6 5. Nc3 d6 6. Be3 Bb6 7. O-O Bg4 8. h3 Bh5 9. Na4 Bxe3 10. fxe3 Nf6 11. Qd2 O-O 12. Nh4 Nxe4 13. Qe1 Nd2 14. Rf5 Nxc4 15. dxc4 Kh7 16. Rxh5 g6 17. Nxg6 fxg6 18. Rh4 Ne7 19. e4 g5 20. Rg4 Ng6 21. Qe3 Nf4 22. Nc3 c6 23. Ne2 Nxe2+ 24. Qxe2 Qb6+ 25. Kh2 Qxb2 26. Qd1 Qd4 27. Qxd4 exd4 28. Rd1 c5 29. Kg1 Rf7 30. h4 Rf4 31. Rxf4 gxf4 32. Rf1 Rf8 33. g3 f3 34. Kf2 Kg6 35. g4 Rf4 36. Kg3 Rxe4 37. Rxf3 Re2 38. h5+ Kg7 39. Rb3 b6 40. Ra3 a5 41. Rb3 Rxc2 42. Rxb6 Rxa2 43. Rxd6 a4 44. Rc6 Ra1 45. Rxc5 a3 46. Rc7+ Kf8 47. Kf4 a2 48. Ra7 Rf1+ 49. Ke4 a1=Q 50. Rxa1 Rxa1 51. Kxd4 Ke7 52. Ke5 Rc1 53. Kf5 Rxc4 54. g5 Rc5+ 55. Kg6 hxg5 56. h6 g4 57. h7 Rc8 0-1

[Event "3. Winter-Open 2024"]
[Site "Nuernberg"]
[Date "2024.02.11"]
[Round "5.26"]
[White "Ayhan, Elian"]
[Black "Denninger, Tanja"]
[Result "1-0"]
[WhiteElo "1365"]
[BlackElo "1240"]
[PlyCount "87"]
[EventDate "2024.??.??"]
[WhiteTeam "BSG Wöhrlhaus Erlangen"]
[BlackTeam "SC JÄKLECHEMIE Talente Franken e"]

1. d4 d5 2. c4 e6 3. Nc3 Nf6 4. Bg5 Nbd7 5. cxd5 Be7 6. dxe6 fxe6 7. Nf3 O-O 8. e3 b6 9. Bc4 Nb8 10. Ne5 Ne8 11. Bxe7 Qxe7 12. O-O Bb7 13. Qg4 Rf6 14. Ne4 Kh8 15. Nxf6 Nxf6 16. Qxe6 Qxe6 17. Bxe6 h6 18. Rac1 Na6 19. Rfd1 Ne4 20. Nf7+ Kh7 21. Bf5+ Kg8 22. Bxe4 Bxe4 23. Ne5 Rc8 24. f3 Bd5 25. e4 Bxa2 26. Nc6 Ra8 27. d5 Bb3 28. Rd3 Ba4 29. Ra3 Bb5 30. e5 Nc5 31. e6 Bxc6 32. dxc6 Nxe6 33. Rca1 a5 34. Re3 Kf7 35. Rd1 Nc5 36. Rde1 Rd8 37. Re7+ Kf6 38. Rxc7 Rd6 39. Ree7 Na6 40. Rf7+ Ke6 41. Rce7+ Kd5 42. c7 Rc6 43. Rxg7 Kd6 44. Rg6+ 1-0